Clickably Spicy Quiz Stats

 Plays Quiz Updated Sep 20, 2018

Score 0/19 Timer 04:00
1 Play Today
% Correct
Basil
96.5%
Paprika
96.4%
Rosemary
96.4%
Thyme
96.3%
Nutmeg
96.1%
Fennel
92.7%
Horseradish
92.1%
Allspice
90.3%
Lemon Balm
74.1%
Mace
71.1%
% Correct
Carob
70.7%
Chervil
67.2%
Annatto
51.6%
Grains of Paradise
51.1%
Borage
45.2%
Cicely
35.2%
Marsh Mallow
32.3%
Voatsiperifery
27.1%
Boldo
19.9%

You're not logged in!

Compare scores with friends on all Sporcle quizzes.
OR
Log In

Show Comments

Extras

Top Quizzes Today


Score Distribution

Your Account Isn't Verified!

In order to create a playlist on Sporcle, you need to verify the email address you used during registration. Go to your Sporcle Settings to finish the process.

Report this User

Report this user for behavior that violates our Community Guidelines.

Details: